| 000 | 00365cam a2200145ua 4500 | ||
|---|---|---|---|
| 041 |
_aeng _h |
||
| 082 |
_a631.43 _bHIL/IN |
||
| 100 | _aHillel, Daniel . | ||
| 245 |
_aIntroduction to soil physics / _cDaniel Hillel. _hTextual Documents |
||
| 260 |
_aNew York : _bAcademic Press , _c2004. |
||
| 300 | _a364 ; . | ||
| 504 | _a | ||
| 942 | _cBK | ||
| 999 |
_c13135 _d13135 |
||